| 000 | 00355nam a22001337a 4500 | ||
|---|---|---|---|
| 020 | _a9780879304409 | ||
| 040 | _cNust | ||
| 082 |
_a621.3815 _bLAB |
||
| 100 |
_aJean J, Labrosse _9127350 |
||
| 245 | _aEbedded system building blocks | ||
| 260 |
_aUSA: _bR&D publications, _c1995. |
||
| 650 |
_aEbedded system building blocks _9127351 |
||
| 942 |
_2ddc _cBK |
||
| 999 |
_c612495 _d612495 |
||